Teach Yourself Java (Record no. 1197)

MARC details
000 -LEADER
fixed length control field 00500nam a2200205Ia 4500
003 - CONTROL NUMBER IDENTIFIER
control field OST
005 - DATE AND TIME OF LATEST TRANSACTION
control field 20240606080831.0
008 - FIXED-LENGTH DATA ELEMENTS--GENERAL INFORMATION
fixed length control field 150730s9999 xx 000 0 und d
020 ## - INTERNATIONAL STANDARD BOOK NUMBER
International Standard Book Number 0340867337
040 ## - CATALOGING SOURCE
Transcribing agency MRUC
050 ## - LIBRARY OF CONGRESS CALL NUMBER
Classification number QA76.73.J38W75 1998 C.1
100 ## - MAIN ENTRY--PERSONAL NAME
Personal name Chris Wright
245 ## - TITLE STATEMENT
Title Teach Yourself Java
264 ## - PRODUCTION, PUBLICATION, DISTRIBUTION, MANUFACTURE, AND COPYRIGHT NOTICE
Place of production, publication, distribution, manufacture Great Britain
264 ## - PRODUCTION, PUBLICATION, DISTRIBUTION, MANUFACTURE, AND COPYRIGHT NOTICE
Name of producer, publisher, distributor, manufacturer Mac Design
264 ## - PRODUCTION, PUBLICATION, DISTRIBUTION, MANUFACTURE, AND COPYRIGHT NOTICE
Date of production, publication, distribution, manufacture, or copyright notice 1996
650 ## - SUBJECT ADDED ENTRY--TOPICAL TERM
Topical term or geographic name entry element Java (Computer program language)
942 ## - ADDED ENTRY ELEMENTS (KOHA)
Source of classification or shelving scheme Library of Congress Classification
Koha item type Books
Holdings
Withdrawn status Lost status Source of classification or shelving scheme Damaged status Not for loan Home library Current library Date acquired Total checkouts Full call number Barcode Date last seen Date last checked out Price effective from Koha item type
    Library of Congress Classification     Murang'a University of Technology Library Murang'a University of Technology Library 14/08/2015 4 QA76.73.J38W75 1998 C.1 001246 02/10/2018 27/09/2018 14/08/2015 Books